[Event "Linares Anibal op 04th"]
[Site "Linares"]
[Date "1997.??.??"]
[Round "6"]
[White "Khurtsidze, Nino"]
[Black "Rodriguez Vila, Andres"]
[Result "1-0"]
[WhiteElo "2430"]
[BlackElo "2565"]
[PlyCount "79"]
[EventDate "1997.02.??"]
[EventType "swiss"]
[EventRounds "10"]
[EventCountry "ESP"]
[SourceTitle "CBM 058"]
[Source "ChessBase"]
[SourceDate "1997.06.01"]
[SourceVersion "1"]
[SourceVersionDate "1997.06.01"]
[SourceQuality "1"]

1. d4 f5 2. Nf3 Nf6 3. g3 g6 4. Bg2 Bg7 5. b3 O-O 6. Bb2 d6 7. O-O c6 8. c4 Na6
9. Nc3 Qe8 10. d5 Bd7 11. Rc1 h6 12. e3 Rd8 13. Nd4 e5 14. dxe6 Bxe6 15. Nxe6
Qxe6 16. Qc2 g5 17. Rcd1 Ng4 18. Ne2 Ne5 19. Nd4 Qg6 20. Ba1 Nc7 21. Rd2 h5 22.
Nf3 h4 23. Nxe5 dxe5 24. Rfd1 Rxd2 25. Rxd2 hxg3 26. hxg3 Ne6 27. g4 Qf6 28.
gxf5 Qxf5 29. Qxf5 Rxf5 30. Bh3 g4 31. Bxg4 Rg5 32. f3 e4 33. Rg2 Nc5 34. f4
Rg6 35. Be6+ Rxe6 36. Rxg7+ Kf8 37. Bd4 b6 38. Rh7 Rg6+ 39. Kf1 Nd3 40. c5 1-0

[Event "Linares Anibal op 04th"]
[Site "Linares"]
[Date "1997.??.??"]
[Round "8"]
[White "Lima, Darcy Gustavo Macha"]
[Black "Rodriguez Vila, Andres"]
[Result "1/2-1/2"]
[WhiteElo "2420"]
[BlackElo "2565"]
[PlyCount "66"]
[EventDate "1997.02.??"]
[EventType "swiss"]
[EventRounds "10"]
[EventCountry "ESP"]
[SourceTitle "CBM 058"]
[Source "ChessBase"]
[SourceDate "1997.06.01"]
[SourceVersion "1"]
[SourceVersionDate "1997.06.01"]
[SourceQuality "1"]

1. d4 e6 2. c4 Bb4+ 3. Bd2 Qe7 4. Nf3 Nf6 5. g3 Nc6 6. Bg2 Bxd2+ 7. Nbxd2 d6 8.
e4 e5 9. d5 Nb8 10. O-O a5 11. Ne1 h5 12. Nd3 h4 13. Qe2 Na6 14. f4 hxg3 15.
hxg3 Ng4 16. Nf2 Nh2 17. Rfe1 g6 18. Nf3 Ng4 19. Nxg4 Bxg4 20. Qe3 b6 21. Re2
Nc5 22. Rf1 O-O-O 23. b3 Rde8 24. fxe5 dxe5 25. Ref2 Bxf3 26. Rxf3 Rh7 27. a3
Nd7 28. b4 axb4 29. axb4 Qxb4 30. Rxf7 Rxf7 31. Rxf7 Re7 32. Rxe7 Qxe7 33. Bh3
Kb7 1/2-1/2

[Event "Ubeda op 2nd"]
[Site "Ubeda"]
[Date "1997.??.??"]
[Round "1"]
[White "Rodriguez Vila, Andres"]
[Black "Richardson, John R"]
[Result "0-1"]
[WhiteElo "2565"]
[BlackElo "2360"]
[PlyCount "84"]
[EventDate "1997.02.??"]
[EventType "swiss"]
[EventRounds "10"]
[EventCountry "ESP"]
[SourceTitle "CBM 056 Extra"]
[Source "ChessBase"]
[SourceDate "1997.03.01"]
[SourceVersion "1"]
[SourceVersionDate "1997.03.01"]
[SourceQuality "1"]

1. e4 c6 2. d4 d5 3. e5 Bf5 4. Nf3 e6 5. Be2 c5 6. O-O Nd7 7. c4 dxc4 8. Na3
Ne7 9. Bg5 Qb8 10. Nxc4 Nd5 11. Nh4 Be4 12. Nd2 h6 13. Nxe4 hxg5 14. Nf3 g4 15.
Nfg5 cxd4 16. Bb5 Qxe5 17. Bxd7+ Kxd7 18. g3 Ke7 19. Qb3 Nb6 20. Rac1 Ke8 21.
f4 Qd5 22. Qd3 f6 23. Nxf6+ gxf6 24. Nxe6 Qxe6 25. Rfe1 Qxe1+ 26. Rxe1+ Kf7 27.
Qe4 Rd8 28. Qe6+ Kg7 29. Qxg4+ Kf7 30. Qe6+ Kg7 31. Re4 Nd7 32. f5 Ne5 33. g4
d3 34. g5 Nf3+ 35. Kg2 Nxg5 36. Rg4 Rd6 37. Qc8 Be7 38. Qxb7 Re8 39. h4 d2 40.
hxg5 d1=Q 41. gxf6+ Kxf6 42. Rg6+ Kf7 0-1

[Event "Ubeda op 2nd"]
[Site "Ubeda"]
[Date "1997.??.??"]
[Round "6"]
[White "Relange, Eloi"]
[Black "Rodriguez Vila, Andres"]
[Result "1/2-1/2"]
[WhiteElo "2480"]
[BlackElo "2565"]
[PlyCount "76"]
[EventDate "1997.02.??"]
[EventType "swiss"]
[EventRounds "10"]
[EventCountry "ESP"]
[SourceTitle "CBM 056 Extra"]
[Source "ChessBase"]
[SourceDate "1997.03.01"]
[SourceVersion "1"]
[SourceVersionDate "1997.03.01"]
[SourceQuality "1"]

1. d4 f5 2. Nf3 Nf6 3. g3 e6 4. Bg2 d5 5. O-O Bd6 6. c4 c6 7. Ne5 O-O 8. Bf4
Ng4 9. Nxg4 Bxf4 10. gxf4 fxg4 11. e3 Qh4 12. Nd2 Rf6 13. Re1 Nd7 14. Nf1 dxc4
15. Qe2 Nb6 16. f3 gxf3 17. Qxf3 Bd7 18. Nd2 Raf8 19. Rac1 Rg6 20. Qf2 Qh5 21.
Nf3 Rh6 22. Qg3 Qb5 23. Qf2 c5 24. dxc5 Qxc5 25. Ne5 Bc6 26. Bxc6 bxc6 27. Qg2
Rd8 28. Kh1 Rd5 29. Rg1 Qe7 30. Nxc6 Qb7 31. Na5 Qd7 32. Nxc4 Nxc4 33. Rxc4 Rg6
34. Qf3 Rxg1+ 35. Kxg1 Rd1+ 36. Kg2 Rd2+ 37. Kg3 Qe8 38. Qe4 Rxb2 1/2-1/2

[Event "Ubeda op 2nd"]
[Site "Ubeda"]
[Date "1997.??.??"]
[Round "9"]
[White "Rodriguez Vila, Andres"]
[Black "Rausis, Igors"]
[Result "1-0"]
[WhiteElo "2565"]
[BlackElo "2470"]
[PlyCount "75"]
[EventDate "1997.02.??"]
[EventType "swiss"]
[EventRounds "10"]
[EventCountry "ESP"]
[SourceTitle "CBM 056 Extra"]
[Source "ChessBase"]
[SourceDate "1997.03.01"]
[SourceVersion "1"]
[SourceVersionDate "1997.03.01"]
[SourceQuality "1"]

1. e4 Nf6 2. e5 Nd5 3. d4 d6 4. c4 Nb6 5. exd6 exd6 6. Nc3 Be7 7. Bd3 c5 8. d5
O-O 9. Nge2 N8d7 10. f4 Nf6 11. Qc2 Rb8 12. h3 Na8 13. g4 Kh8 14. b3 Nc7 15. g5
Nfe8 16. Bb2 b5 17. cxb5 a6 18. b6 Rxb6 19. Bxh7 Rb4 20. h4 Bg4 21. h5 Bf3 22.
Rh3 Bg4 23. Rh2 f5 24. Bg6 Kg8 25. O-O-O Nb5 26. Nxb5 Bxg5 27. fxg5 Qxg5+ 28.
Qd2 Qxd2+ 29. Kxd2 axb5 30. h6 Nf6 31. Rdh1 Ra8 32. Nc1 Re4 33. hxg7 Kxg7 34.
Rh6 Rf8 35. Bh7 Re5 36. Bxe5 dxe5 37. Nd3 Rd8 38. Rg6+ 1-0

[Event "Clarin GP final"]
[Site "Villa Gesell"]
[Date "1997.03.04"]
[Round "3"]
[White "Rodriguez Vila, Andres"]
[Black "Braga, Fernando Alberto"]
[Result "1/2-1/2"]
[WhiteElo "2565"]
[BlackElo "2455"]
[PlyCount "67"]
[EventDate "1997.03.02"]
[EventType "tourn"]
[EventRounds "11"]
[EventCountry "ARG"]
[EventCategory "11"]
[SourceTitle "CBM 058"]
[Source "ChessBase"]
[SourceDate "1997.06.01"]
[SourceVersion "1"]
[SourceVersionDate "1997.06.01"]
[SourceQuality "1"]

1. e4 c5 2. Nf3 Nc6 3. d4 cxd4 4. Nxd4 Nf6 5. Nc3 d6 6. g3 g6 7. Nde2 Bg7 8.
Bg2 O-O 9. O-O Rb8 10. a4 a6 11. h3 b5 12. axb5 axb5 13. Nd5 b4 14. Ra2 e6 15.
Nxf6+ Bxf6 16. Bf4 Ne5 17. b3 Qc7 18. Qd2 Rd8 19. Rd1 Rd7 20. Be3 Nc6 21. h4
Bb7 22. h5 gxh5 23. Nf4 h4 24. Nh5 Bc3 25. Qe2 hxg3 26. Rd3 Ne7 27. Bg5 gxf2+
28. Qxf2 f5 29. Rxc3 Qxc3 30. Nf6+ Kf7 31. Qh4 Rg8 32. Nxd7 Bxe4 33. Qh5+ Rg6
34. Nf6 1/2-1/2

[Event "Clarin GP final"]
[Site "Villa Gesell"]
[Date "1997.03.06"]
[Round "4"]
[White "Sorokin, Maxim"]
[Black "Rodriguez Vila, Andres"]
[Result "1/2-1/2"]
[WhiteElo "2560"]
[BlackElo "2565"]
[PlyCount "29"]
[EventDate "1997.03.02"]
[EventType "tourn"]
[EventRounds "11"]
[EventCountry "ARG"]
[EventCategory "11"]
[SourceTitle "CBM 058"]
[Source "ChessBase"]
[SourceDate "1997.06.01"]
[SourceVersion "1"]
[SourceVersionDate "1997.06.01"]
[SourceQuality "1"]

1. c4 f5 2. g3 Nf6 3. Bg2 e5 4. d4 d6 5. dxe5 dxe5 6. Qxd8+ Kxd8 7. Nc3 c6 8.
Nf3 Nbd7 9. O-O Bb4 10. Bd2 Re8 11. Rad1 a5 12. e4 fxe4 13. Ng5 Kc7 14. Ngxe4
Nf8 15. a3 1/2-1/2

[Event "Clarin GP final"]
[Site "Villa Gesell"]
[Date "1997.03.12"]
[Round "9"]
[White "Valerga, Diego"]
[Black "Rodriguez Vila, Andres"]
[Result "1/2-1/2"]
[WhiteElo "2445"]
[BlackElo "2565"]
[PlyCount "56"]
[EventDate "1997.03.02"]
[EventType "tourn"]
[EventRounds "11"]
[EventCountry "ARG"]
[EventCategory "11"]
[SourceTitle "CBM 058"]
[Source "ChessBase"]
[SourceDate "1997.06.01"]
[SourceVersion "1"]
[SourceVersionDate "1997.06.01"]
[SourceQuality "1"]

1. e4 e6 2. d4 d5 3. Nd2 Nf6 4. e5 Nfd7 5. Bd3 c5 6. c3 Nc6 7. Ne2 cxd4 8. cxd4
f6 9. exf6 Nxf6 10. O-O Bd6 11. Nf3 Qc7 12. Nc3 a6 13. h3 O-O 14. Be3 Bd7 15.
Rc1 Be8 16. Ng5 Qe7 17. f4 h6 18. Nf3 Nh5 19. Ne5 Ng3 20. Rf2 Nf5 21. Bxf5 Rxf5
22. Ne2 Rf8 23. Qd3 Rc8 24. Qb1 Qd8 25. Rc3 Ne7 26. Rxc8 Qxc8 27. Rf1 Bxe5 28.
dxe5 Bg6 1/2-1/2

[Event "Clarin GP final"]
[Site "Villa Gesell"]
[Date "1997.03.15"]
[Round "11"]
[White "Ginzburg, Maximiliano"]
[Black "Rodriguez Vila, Andres"]
[Result "1/2-1/2"]
[WhiteElo "2450"]
[BlackElo "2565"]
[PlyCount "23"]
[EventDate "1997.03.02"]
[EventType "tourn"]
[EventRounds "11"]
[EventCountry "ARG"]
[EventCategory "11"]
[SourceTitle "CBM 058"]
[Source "ChessBase"]
[SourceDate "1997.06.01"]
[SourceVersion "1"]
[SourceVersionDate "1997.06.01"]
[SourceQuality "1"]

1. e4 e5 2. Nf3 Nc6 3. Bb5 a6 4. Ba4 Nf6 5. O-O b5 6. Bb3 Be7 7. Re1 d6 8. h3
O-O 9. c3 Re8 10. Ng5 Rf8 11. Nf3 Re8 12. Ng5 1/2-1/2

[Event "Clarin GP1 Boca Juniors"]
[Site "Boca"]
[Date "1997.??.??"]
[Round "3"]
[White "Rodriguez Vila, Andres"]
[Black "Bronstein, Luis Marcos"]
[Result "1/2-1/2"]
[WhiteElo "2565"]
[BlackElo "2395"]
[PlyCount "74"]
[EventDate "1997.04.26"]
[EventType "swiss"]
[EventRounds "9"]
[EventCountry "ARG"]
[SourceTitle "CBM 058 Extra"]
[Source "ChessBase"]
[SourceDate "1997.07.29"]
[SourceVersion "1"]
[SourceVersionDate "1997.07.29"]
[SourceQuality "1"]

1. e4 e6 2. Qe2 Nc6 3. Nf3 e5 4. g3 g6 5. Bg2 Bg7 6. c3 Nf6 7. d4 d6 8. O-O O-O
9. dxe5 Nxe5 10. Nxe5 dxe5 11. Nd2 b6 12. a4 a5 13. Nc4 Ba6 14. b3 Qd7 15. Re1
Qe6 16. Bf1 Nd7 17. Qc2 Rfd8 18. Be3 Bf8 19. Rad1 Nc5 20. Rd5 Rxd5 21. exd5
Qxd5 22. Bg2 e4 23. Bxc5 Qxc5 24. Rxe4 Bg7 25. Qe2 Rf8 26. Re3 Bc8 27. Nd2 h5
28. h3 Rd8 29. Re8+ Rxe8 30. Qxe8+ Qf8 31. Qc6 Qd8 32. Ne4 Be6 33. c4 Bf5 34.
h4 Qd1+ 35. Kh2 Bxe4 36. Qxe4 Qd7 37. Qe2 Be5 1/2-1/2

[Event "Clarin GP1 Boca Juniors"]
[Site "Boca"]
[Date "1997.??.??"]
[Round "5"]
[White "Rodriguez Vila, Andres"]
[Black "German, Gustavo"]
[Result "1-0"]
[WhiteElo "2565"]
[BlackElo "2500"]
[PlyCount "69"]
[EventDate "1997.04.26"]
[EventType "swiss"]
[EventRounds "9"]
[EventCountry "ARG"]
[SourceTitle "CBM 058 Extra"]
[Source "ChessBase"]
[SourceDate "1997.07.29"]
[SourceVersion "1"]
[SourceVersionDate "1997.07.29"]
[SourceQuality "1"]

1. e4 e5 2. Nf3 Nc6 3. Bc4 Nf6 4. d3 Be7 5. O-O O-O 6. Re1 d6 7. c3 Na5 8. Bb5
a6 9. Ba4 b5 10. Bc2 c5 11. Nbd2 Re8 12. Nf1 Nc6 13. h3 h6 14. d4 cxd4 15. cxd4
exd4 16. Nxd4 Nxd4 17. Qxd4 Bb7 18. Ng3 d5 19. e5 Ne4 20. Qd3 Bc5 21. Be3 Qb6
22. Kh2 Rxe5 23. Bxc5 Qxc5 24. f3 Qc7 25. fxe4 dxe4 26. Qb3 Rc8 27. Re2 e3 28.
Rd1 Rce8 29. Qb4 Rc5 30. Rd7 Qc6 31. Bb3 Qxd7 32. Qxc5 Re7 33. Nf5 Qc7+ 34.
Qxc7 Rxc7 35. Rxe3 1-0

[Event "Najdorf Memorial op"]
[Site "Buenos Aires"]
[Date "1997.??.??"]
[Round "2"]
[White "Rodriguez Vila, Andres"]
[Black "Suarez, Damian"]
[Result "1-0"]
[WhiteElo "2565"]
[BlackElo "2250"]
[PlyCount "75"]
[EventDate "1997.05.19"]
[EventType "swiss"]
[EventRounds "9"]
[EventCountry "ARG"]
[SourceTitle "CBM 058 Extra"]
[Source "ChessBase"]
[SourceDate "1997.07.29"]
[SourceVersion "1"]
[SourceVersionDate "1997.07.29"]
[SourceQuality "1"]

1. e4 e6 2. d4 d5 3. Nd2 dxe4 4. Nxe4 Nf6 5. Nxf6+ gxf6 6. Nf3 b6 7. Bb5+ c6 8.
Bd3 Qc7 9. Qe2 Nd7 10. Bd2 Bb7 11. c4 O-O-O 12. b4 Kb8 13. Bc3 Rg8 14. O-O f5
15. c5 Bg7 16. Rfc1 Nf6 17. Bd2 Nd5 18. g3 Bf6 19. Kf1 Rge8 20. a4 bxc5 21.
Rxc5 e5 22. dxe5 Bxe5 23. Nxe5 Qxe5 24. Qxe5+ Rxe5 25. Bc4 Re4 26. b5 Rd4 27.
Bh6 cxb5 28. axb5 Nc3 29. Bb3 Ne4 30. Bf4+ Ka8 31. Rxf5 Rb4 32. Bxf7 Nc3 33.
Bc7 Rc8 34. b6 a6 35. Rfa5 Rf8 36. Bd6 Rxf7 37. Bxb4 Ne4 38. f4 1-0

[Event "Najdorf Memorial op"]
[Site "Buenos Aires"]
[Date "1997.??.??"]
[Round "3"]
[White "Auciello, Sergio"]
[Black "Rodriguez Vila, Andres"]
[Result "0-1"]
[WhiteElo "2385"]
[BlackElo "2565"]
[PlyCount "84"]
[EventDate "1997.05.19"]
[EventType "swiss"]
[EventRounds "9"]
[EventCountry "ARG"]
[SourceTitle "CBM 058 Extra"]
[Source "ChessBase"]
[SourceDate "1997.07.29"]
[SourceVersion "1"]
[SourceVersionDate "1997.07.29"]
[SourceQuality "1"]

1. d4 f5 2. Nc3 d5 3. Bf4 Nf6 4. e3 c6 5. Bd3 e6 6. Nf3 Be7 7. h3 O-O 8. g4 Ne4
9. gxf5 exf5 10. Ne2 Be6 11. c3 Nd7 12. Rg1 Bf6 13. Qc2 Kh8 14. Be5 Bxe5 15.
Nxe5 Nxe5 16. dxe5 Qh4 17. Nf4 Rae8 18. Qe2 Bf7 19. Bxe4 fxe4 20. O-O-O Rxe5
21. Qd2 Qf6 22. h4 Qxh4 23. Qd4 Qe7 24. Qxa7 g5 25. Nh3 c5 26. Rg3 Rg8 27. Rdg1
h6 28. Qb6 Rg6 29. Qb5 d4 30. exd4 cxd4 31. Qe2 d3 32. Qe3 Ra6 33. a3 Rd6 34.
Kd2 Rb5 35. Nxg5 Rxb2+ 36. Kc1 Rc2+ 37. Kd1 Bb3 38. Nf7+ Qxf7 39. Rg8+ Qxg8 40.
Rxg8+ Kxg8 41. Qg3+ Kh7 42. Qxd6 Re2+ 0-1

[Event "Najdorf Memorial op"]
[Site "Buenos Aires"]
[Date "1997.??.??"]
[Round "4"]
[White "Rodriguez Vila, Andres"]
[Black "Ginzburg, Maximiliano"]
[Result "1-0"]
[WhiteElo "2565"]
[BlackElo "2450"]
[PlyCount "71"]
[EventDate "1997.05.19"]
[EventType "swiss"]
[EventRounds "9"]
[EventCountry "ARG"]
[SourceTitle "CBM 058 Extra"]
[Source "ChessBase"]
[SourceDate "1997.07.29"]
[SourceVersion "1"]
[SourceVersionDate "1997.07.29"]
[SourceQuality "1"]

1. e4 g6 2. d4 Bg7 3. Be3 d6 4. Nc3 a6 5. Qd2 Nc6 6. f3 b5 7. Nge2 Bd7 8. g4
Rb8 9. h4 h5 10. gxh5 gxh5 11. O-O-O a5 12. Rg1 Kf8 13. Nf4 Nf6 14. Bxb5 e5 15.
dxe5 Nxe5 16. Be2 Qc8 17. Nfd5 Nxd5 18. exd5 Qb7 19. b3 Qb4 20. Nb1 Qxh4 21.
Qxa5 Re8 22. Qxc7 Qe7 23. Bg5 f6 24. Bf4 Rc8 25. Qb6 Bf5 26. Rd2 Kf7 27. Qe3
Qc7 28. Bxe5 dxe5 29. Bc4 Qd6 30. Rdg2 Bf8 31. Kb2 Rh7 32. Qa7+ Ke8 33. Bb5+
Kd8 34. Qa5+ Rhc7 35. Nc3 Qc5 36. Ne4 1-0

[Event "Najdorf Memorial op"]
[Site "Buenos Aires"]
[Date "1997.??.??"]
[Round "5"]
[White "Giaccio, Alfredo Gustavo"]
[Black "Rodriguez Vila, Andres"]
[Result "1/2-1/2"]
[WhiteElo "2460"]
[BlackElo "2565"]
[PlyCount "73"]
[EventDate "1997.05.19"]
[EventType "swiss"]
[EventRounds "9"]
[EventCountry "ARG"]
[SourceTitle "CBM 058 Extra"]
[Source "ChessBase"]
[SourceDate "1997.07.29"]
[SourceVersion "1"]
[SourceVersionDate "1997.07.29"]
[SourceQuality "1"]

1. e4 d5 2. exd5 Nf6 3. d4 Bg4 4. Nf3 Qxd5 5. Nc3 Qf5 6. Be2 Nc6 7. h3 Bxf3 8.
Bxf3 O-O-O 9. Bxc6 Qe6+ 10. Be4 Nxe4 11. O-O Nxc3 12. bxc3 Qc6 13. Qd3 e6 14.
c4 Be7 15. Rd1 Bf6 16. Be3 Rd7 17. Qb3 Rhd8 18. c3 Qa6 19. a4 c5 20. dxc5 Rxd1+
21. Rxd1 Rxd1+ 22. Qxd1 Qxc4 23. Qh5 Qxa4 24. Qxf7 Qd7 25. Qg8+ Kc7 26. Qxh7 a5
27. Bf4+ e5 28. Be3 a4 29. Qb1 Qe6 30. Qb4 Qb3 31. Qa5+ Kd7 32. c6+ Kxc6 33. c4
Qxc4 34. Qb6+ Kd7 35. Qxb7+ Ke6 36. Qb6+ Kf7 37. Bc5 1/2-1/2

[Event "Najdorf Memorial op"]
[Site "Buenos Aires"]
[Date "1997.??.??"]
[Round "9"]
[White "Pierrot, Juan Facundo"]
[Black "Rodriguez Vila, Andres"]
[Result "1-0"]
[WhiteElo "2410"]
[BlackElo "2565"]
[PlyCount "80"]
[EventDate "1997.05.19"]
[EventType "swiss"]
[EventRounds "9"]
[EventCountry "ARG"]
[SourceTitle "CBM 058 Extra"]
[Source "ChessBase"]
[SourceDate "1997.07.29"]
[SourceVersion "1"]
[SourceVersionDate "1997.07.29"]
[SourceQuality "1"]

1. e4 d5 2. exd5 Nf6 3. d4 Bg4 4. f3 Bf5 5. Bb5+ Nbd7 6. c4 e6 7. dxe6 Bxe6 8.
Nc3 Bb4 9. d5 Bf5 10. Nge2 O-O 11. Bxd7 Nxd7 12. O-O Ne5 13. b3 Qf6 14. Be3
Rfe8 15. Bd4 Qg6 16. Ng3 Nd3 17. Nxf5 Qxf5 18. Ne4 Nf4 19. Be3 Ng6 20. Qd4 b6
21. Rad1 Rad8 22. Kh1 c6 23. Bf2 Nf4 24. Ng3 Qg5 25. Be3 Bd6 26. dxc6 Be5 27.
Qe4 Bc7 28. Qf5 Qh4 29. Rd7 Rxd7 30. Qxd7 Qe7 31. Qxe7 Rxe7 32. Nf5 Re6 33. Rd1
Ng6 34. Rd7 Rxc6 35. Nd4 Rc5 36. Nb5 Re5 37. Bg1 h5 38. Rxc7 Re1 39. Rd7 Nf4
40. Nc3 Rc1 1-0

[Event "Villa Martelli"]
[Site "Villa Martelli"]
[Date "1997.06.02"]
[Round "2"]
[White "Rodriguez Vila, Andres"]
[Black "Ehlvest, Jaan"]
[Result "1/2-1/2"]
[WhiteElo "2565"]
[BlackElo "2635"]
[Annotator "King,D"]
[PlyCount "198"]
[EventDate "1997.06.01"]
[EventType "tourn"]
[EventRounds "11"]
[EventCountry "ARG"]
[EventCategory "13"]
[SourceTitle "CBM 060"]
[Source "ChessBase"]
[SourceDate "1997.09.29"]
[SourceVersion "1"]
[SourceVersionDate "1997.09.29"]
[SourceQuality "1"]

1. e4 g6 2. d4 Bg7 3. Nc3 c6 4. Be2 d5 5. Nf3 dxe4 6. Nxe4 Nd7 7. O-O Ngf6 8.
Nxf6+ Nxf6 9. c3 O-O 10. Re1 Qc7 11. Bf1 a5 12. Bg5 a4 13. Qc1 Bg4 14. Ne5 Be6
15. Bh6 Ra5 16. Bxg7 Kxg7 17. Nd3 Bf5 18. Qf4 Qxf4 19. Nxf4 g5 20. Nd3 Bxd3 21.
Bxd3 e6 22. Bc2 Rd8 23. Rad1 h6 24. h4 g4 25. g3 Nd7 26. Re4 h5 27. Re2 Nf6 28.
Kf1 Rd6 29. Rd3 Nd7 30. Ke1 c5 31. dxc5 Rxd3 32. Bxd3 Nxc5 33. Bb1 f5 34. Kd1
Kf6 35. Rd2 Rb5 36. Kc1 a3 37. bxa3 Na4 38. c4 Re5 39. Bc2 Nc5 40. Kb2 Re1 41.
Kc3 Ke5 42. Kb4 Ne4 43. Rd7 Nxf2 44. Rxb7 f4 45. gxf4+ Kf6 46. Rh7 g3 47. Rh6+
Ke7 48. Rh7+ Kf8 49. Rh8+ Kf7 50. Rh7+ Kg8 51. Rh6 Re2 52. Rg6+ Kf7 53. Rxg3
Rxc2 54. a4 Ne4 55. Re3 Nd6 56. Rc3 Rxa2 57. a5 Ke7 {When there are only two
pawns against a piece then the balance begins to shift in the other direction.
It is usually the side with the minor piece who has the better chances, though
even here some surprising results can occur. Take this game, for instance.} 58.
c5 Ne4 59. Rc4 Nf6 60. Kb5 Kd7 61. Rd4+ Kc8 (61... Kc7 $5 62. Rd6 Rb2+ 63. Kc4
Rc2+ 64. Kb5 Rxc5+ 65. Kxc5 Ne4+ 66. Kd4 Nxd6 67. Ke5 Nf5 68. Kxe6 Nxh4 69. f5
Nf3 70. f6 h4 71. f7 Ng5+ 72. Kf5 Nxf7 73. Kg4 $11 {It is always difficult for
White to control the position as his two pawns are split and isolated.}) 62.
Kc6 Ne8 63. Rd7 Rxa5 64. Rh7 Ra6+ 65. Kb5 Ra1 66. Rh8 Kd7 67. Rh7+ Kd8 68. Rxh5
Nc7+ 69. Kc6 Nd5 70. Kd6 Nf6 71. Rh8+ Ne8+ 72. Kxe6 Re1+ 73. Kd5 Re7 74. c6 Kc7
75. Rh6 Kb6 76. f5 Nc7+ 77. Kd6 Re1 78. Kd7 Rd1+ 79. Rd6 Rf1 80. f6 Rf5 81. Ke7
Re5+ 82. Kf7 Kc5 83. Rd1 Kxc6 84. Kg6 Re2 85. h5 Rg2+ 86. Kh6 Rf2 87. Kg6 Ne8
88. Rc1+ Kd7 89. Rd1+ Kc6 90. Re1 Rxf6+ 91. Kg5 Rf8 92. h6 Rg8+ 93. Kf5 Nd6+
94. Kf6 Rg2 95. h7 Rh2 96. Kg7 Nf5+ 97. Kg8 Nh6+ 98. Kf8 Nf5 99. Kg8 Nh6+
1/2-1/2

[Event "Villa Martelli"]
[Site "Villa Martelli"]
[Date "1997.06.07"]
[Round "7"]
[White "Sorokin, Maxim"]
[Black "Rodriguez Vila, Andres"]
[Result "1/2-1/2"]
[WhiteElo "2560"]
[BlackElo "2565"]
[PlyCount "85"]
[EventDate "1997.06.01"]
[EventType "tourn"]
[EventRounds "11"]
[EventCountry "ARG"]
[EventCategory "13"]
[SourceTitle "CBM 060"]
[Source "ChessBase"]
[SourceDate "1997.09.29"]
[SourceVersion "1"]
[SourceVersionDate "1997.09.29"]
[SourceQuality "1"]

1. c4 c5 2. Nf3 Nc6 3. d4 cxd4 4. Nxd4 g6 5. e4 Bg7 6. Be3 Nf6 7. Nc3 O-O 8.
Be2 b6 9. O-O Bb7 10. Rc1 Qb8 11. Ndb5 Rd8 12. Qd2 d6 13. Bg5 Rd7 14. Qe3 Qf8
15. Rfd1 h6 16. Bh4 Kh7 17. f4 Qh8 18. Kh1 Rdd8 19. Nd5 Rab8 20. Rf1 Ng8 21.
Ndc3 a6 22. Na3 Bd4 23. Qh3 Nf6 24. Qd3 Nd7 25. Nab1 Nc5 26. Qd2 Bf6 27. Bxf6
Qxf6 28. Rcd1 e6 29. Qe3 Qg7 30. a3 a5 31. Rf2 Rd7 32. Bf1 Rbd8 33. Kg1 a4 34.
Nb5 Na5 35. N1c3 d5 36. cxd5 exd5 37. e5 Nc4 38. Bxc4 dxc4 39. Nd6 Nd3 40. Rfd2
Rxd6 41. exd6 Rxd6 42. Rxd3 cxd3 43. Rxd3 1/2-1/2

[Event "Itau Mercosul Cup 1st"]
[Site "Sao Paulo"]
[Date "1997.10.20"]
[Round "2"]
[White "Rodriguez Vila, Andres"]
[Black "Hadad, Damaris"]
[Result "1-0"]
[WhiteElo "2495"]
[BlackElo "2215"]
[PlyCount "59"]
[EventDate "1997.10.19"]
[EventType "swiss"]
[EventRounds "9"]
[EventCountry "BRA"]
[SourceTitle "CBM 060 Extra"]
[Source "ChessBase"]
[SourceDate "1997.11.04"]
[SourceVersion "1"]
[SourceVersionDate "1997.11.04"]
[SourceQuality "1"]

1. e4 c5 2. Nf3 Nc6 3. d4 cxd4 4. Nxd4 g6 5. Ne2 Bg7 6. g3 Nf6 7. Bg2 d6 8.
Nbc3 O-O 9. O-O Be6 10. h3 Rc8 11. a4 Nb4 12. Be3 a5 13. Nd4 Bc4 14. Re1 e5 15.
Nf3 d5 16. exd5 Nfxd5 17. Nxd5 Bxd5 18. c3 Na6 19. Qd2 Bxf3 20. Qxd8 Rfxd8 21.
Bxf3 Nc5 22. Red1 b6 23. Rxd8+ Rxd8 24. b4 axb4 25. cxb4 e4 26. Rd1 Rxd1+ 27.
Bxd1 Nd7 28. a5 bxa5 29. bxa5 Nb8 30. Be2 1-0

[Event "Itau Mercosul Cup 1st"]
[Site "Sao Paulo"]
[Date "1997.10.21"]
[Round "3"]
[White "Faria, Paulo RM"]
[Black "Rodriguez Vila, Andres"]
[Result "0-1"]
[WhiteElo "2320"]
[BlackElo "2495"]
[PlyCount "88"]
[EventDate "1997.10.19"]
[EventType "swiss"]
[EventRounds "9"]
[EventCountry "BRA"]
[SourceTitle "CBM 060 Extra"]
[Source "ChessBase"]
[SourceDate "1997.11.04"]
[SourceVersion "1"]
[SourceVersionDate "1997.11.04"]
[SourceQuality "1"]

1. d4 f5 2. Bg5 d5 3. e3 c6 4. c3 g6 5. Qb3 Nh6 6. c4 Nf7 7. Bf4 e6 8. Nf3 Bg7
9. cxd5 exd5 10. Qa3 Nd7 11. Nbd2 g5 12. Bg3 Qf6 13. h4 g4 14. Ng1 Nf8 15. Ne2
Ne6 16. Nf4 Bf8 17. Qb3 Bd6 18. Nh5 Qh6 19. Bxd6 Nxd6 20. Qb4 Ne4 21. Nxe4 fxe4
22. Ng3 Rf8 23. Rd1 Qf6 24. Rd2 Ng7 25. Kd1 Rf7 26. Rc2 Be6 27. Qa3 a6 28. Qc3
Kf8 29. h5 h6 30. Ne2 Qxf2 31. Nf4 Qg3 32. Qb4+ Kg8 33. Qe1 Nf5 34. Qxg3 Nxg3
35. Rg1 Nf5 36. Kd2 Nxd4 37. exd4 Rxf4 38. Ke3 Rf5 39. Rh1 Bf7 40. Be2 Bxh5 41.
g3 Kg7 42. Bd1 Bg6 43. Bxg4 Rg5 44. Rh4 h5 0-1

[Event "Itau Mercosul Cup 1st"]
[Site "Sao Paulo"]
[Date "1997.10.22"]
[Round "4"]
[White "Rodriguez Vila, Andres"]
[Black "Limp, Eduardo Thelio"]
[Result "1/2-1/2"]
[WhiteElo "2495"]
[BlackElo "2385"]
[PlyCount "78"]
[EventDate "1997.10.19"]
[EventType "swiss"]
[EventRounds "9"]
[EventCountry "BRA"]
[SourceTitle "CBM 060 Extra"]
[Source "ChessBase"]
[SourceDate "1997.11.04"]
[SourceVersion "1"]
[SourceVersionDate "1997.11.04"]
[SourceQuality "1"]

1. e4 c5 2. Nf3 Nc6 3. d4 cxd4 4. Nxd4 Nf6 5. Nc3 e6 6. Ndb5 Bb4 7. a3 Bxc3+ 8.
Nxc3 d5 9. exd5 Nxd5 10. Nxd5 exd5 11. Bd3 Qe7+ 12. Be2 Bg4 13. f3 Bf5 14. c3
Rd8 15. O-O O-O 16. Bd3 Qc5+ 17. Kh1 d4 18. Bxf5 Qxf5 19. Qb3 Na5 20. Qa4 dxc3
21. bxc3 Rc8 22. Be3 b6 23. Bd4 Rc4 24. Qd1 Nc6 25. Re1 Qd5 26. Qd3 Rd8 27.
Rad1 h6 28. Re4 b5 29. h3 Nxd4 30. cxd4 a6 31. Qe3 Ra4 32. Rd3 Qd6 33. d5 Rc4
34. Rdd4 Rxd4 35. Rxd4 Rc8 36. f4 Kf8 37. Qd3 Kg8 38. Qe3 Kf8 39. Qd3 Kg8
1/2-1/2